LEADER 01730nam0 22003973i 450 001 VAN00253908 005 20251216093450.934 017 70$2N$a9781461457312 100 $a20230201d2012 |0itac50 ba 101 $aeng 102 $aUS 105 $a|||| ||||| 181 $ai$b e 182 $ab 183 $acr 200 1 $aTransport and Fate of Chemicals in the Environment$eSelected Entries from the Encyclopedia of Sustainability Science and Technology$fJohn S. Gulliver editor 210 $aNew York$cSpringer$d2012 215 $aVI, 375 p.$cill.$d24 cm 620 $aUS$dNew York$3VANL000011 676 $a551.9$cGeochimica$v22 676 $a541$cChimica fisica$v22 676 $a577.14$cChimica ambientale$v22 676 $a668.4192$cTecnologia dei rifiuti$v22 676 $a571.95$cEcotossicologia$v22 702 1$aGulliver$bJohn S.$3VANV207001 712 $aSpringer $3VANV108073$4650 790 1$aGulliver, J. S.$zGulliver, John S.$3VANV207002 790 1$aGulliver, J.S.$zGulliver, John S.$3VANV208262 801 $aIT$bSOL$c20251219$gRICA 856 4 $uhttps://link.springer.com/openurl?genre=book&isbn=978-1-4614-5731-2$zE-book - Accesso al full-text attraverso riconoscimento IP di Ateneo, proxy e/o Shibboleth 899 $aBIBLIOTECA DEL DIPARTIMENTO DI SCIENZE E TECNOLOGIE AMBIENTALI BIOLOGICHE E FARMACEUTICHE$1IT-CE0101$2VAN17 912 $fN 912 $aVAN00253908 950 $aBIBLIOTECA DEL DIPARTIMENTO DI SCIENZE E TECNOLOGIE AMBIENTALI BIOLOGICHE E FARMACEUTICHE$d17CONS e-book 2303 $e17BIB2303/5 5 20230201 996 $aTransport and Fate of Chemicals in the Environment$93011496 997 $aUNICAMPANIA